L'économie de la mer: un déclin sans précédent.

O úpadku francúzskej morskej ekonomiky, čo sa v posledných rokoch prejavilo veľkým poklesom počtu lodí. V konštrukcii lodí sa prejavil pokles na tretie miesto vo svete. Vzrástol počet výletných lodí. Nákladná námorná doprava dosiahla však dobré výsledky. Prístavy trpia na nízku súťaživosť. Rybolov p...

Descripción completa

Guardado en:
Detalles Bibliográficos
Autor principal: Jacquier, J.-F
Otros Autores: Esposito, O.
Formato: Capítulo de libro
Lenguaje:francés
Materias:
Etiquetas: Agregar Etiqueta
Sin Etiquetas, Sea el primero en etiquetar este registro!

MARC

LEADER 00000naa a2200000 4500
001 r008444
005 20220913125019.4
041 0 |a fre 
044 |a FR 
245 1 0 |a L'économie de la mer: un déclin sans précédent.  |c J.-F. Jacquier, O. Esposito 
520 |a O úpadku francúzskej morskej ekonomiky, čo sa v posledných rokoch prejavilo veľkým poklesom počtu lodí. V konštrukcii lodí sa prejavil pokles na tretie miesto vo svete. Vzrástol počet výletných lodí. Nákladná námorná doprava dosiahla však dobré výsledky. Prístavy trpia na nízku súťaživosť. Rybolov potrebuje novú štruktúru, aby jeho kapacita neklesala. (L'Usine nouvelle 6.2.1992, č.2350). 
610 2 0 |a more 
610 2 0 |a ekonomika odvetví 
610 2 0 |a doprava námorná 
610 2 0 |a Francúzsko 
610 2 0 |a lode 
610 2 0 |a rybolov 
100 1 |a Jacquier, J.-F. 
700 1 |a Esposito, O.